Normal view
MARC view
Entry Personal Name
001 - CONTROL NUMBER
- control field: 9752
003 - CONTROL NUMBER IDENTIFIER
- control field: ARRUPE
005 - DATE AND TIME OF LATEST TRANSACTION
- control field: 20140403113131.0
008 - FIXED-LENGTH DATA ELEMENTS
- fixed length control field: 140403|| aca||aabn | a|a d
040 ## - CATALOGING SOURCE
- Original cataloging agency: ARRUPE
- Transcribing agency: ARRUPE
100 ## - HEADING--PERSONAL NAME
- Personal name: Roosens, Eugeen,
- Dates associated with a name: 1934-
670 ## - SOURCE DATA FOUND
- Source citation: Work cat.: (ARRUPE)0: Roosens, Eugeen, 1934-, Creating ethnicity :, c1989.